Voc allemand - Vie publique - Statistiques

Statistiques générales
  • Ce quiz a été pris 12 fois
    7 depuis la dernière actualisation
  • Le résultat moyen est 56 sur 150
Statistiques - réponses
Hint Réponse % Correct
Die Freiheit La liberté
100%
Das Heimweh Le mal du pays
100%
Das Land, ¨-er Le pays
100%
Konservativ Conservateur
86%
Ausländisch Étranger
86%
Die Polizei La police
86%
Die Reform, -en La réforme
86%
Der Stimmzettel Le bulletin de vote
86%
Der Bürger Le citoyen
86%
Das Recht, -e Le droit
86%
Die Partei, -en Le parti
86%
Das Volk, ¨-er Le peuple
86%
Der König, -e Le roi
86%
Amtlich / Offiziell Officiel
86%
Die Hauptstadt, ¨-e La capitale
71%
Die Grenze, -n La frontière
71%
Der Krieg, -e La guerre
71%
Das Gesetz, -e La loi
71%
Die Heimat La patrie / le pays d'origine
71%
Die Stimme, -n La voix
71%
Das Ministerium, -ien Le ministère
71%
Der Kaiser L'empereur
71%
Das Parlament, -e Le parlement
71%
Die Macht, ¨-e Le pouvoir / la puissance
71%
Der Prozess, -e Le procès
71%
Der Staat, -en L'Etat
71%
Das Ausland | Der Ausländer L'étranger
71%
Der Einwohner L'habitant
71%
Sozialistisch Socialiste
71%
Kämpfen Combattre
57%
Zerstören Détruire
57%
Regieren Gouverner
57%
Die Bevölkerung La population
57%
Die Waffe, -n L'arme
57%
Das Heer, -e L'armée
57%
Die Luftwaffe, -n L'armée de l'air
57%
Der Bundeskanzler Le chancelier
57%
Das Schloss, ¨-er Le château
57%
Der Kampf, ¨-e Le combat
57%
Die Regierung, -en Le gouvernement
57%
Der Richter Le juge
57%
Der Bürgermeister Le maire
57%
Der Gefallene, -n Le mort (au combat)
57%
Der Polizist, -en Le policier / le gendarme
57%
Der Militärdienst Le service militaire
57%
Das U-Boot, -e Le sous-marin
57%
Das Visum, -a Le visa
57%
Das Rathaus, ¨-er L'hôtel de ville
57%
Gerecht Juste
43%
Die Gewalt La force / la violence
43%
Die Flucht La fuite
43%
Die Gerechtigkeit La justice
43%
Die Mehrheit, -en La majorité
43%
Die Minderheit, -en La minorité
43%
Der Frieden La paix
43%
Die Strafe, -n La peine / l'amende
43%
Das Gefängnis, -se La prison
43%
Der (Rechts)anwalt, ¨-e L'avocat
43%
Das Mitglied, -er Le membre
43%
Der Feind, -e L'ennemi
43%
Der Flüchtling, -e Le réfugié
43%
Der Panzer Le tank / le char d'assaut / le blindé
43%
Töten Tuer
43%
(Ab)stimmen Voter
43%
Beschuldigen Accuser
29%
Verhaften / Fassen / Festnehmen Arrêter
29%
Ermorden Assassiner
29%
Verurteilen Condamner
29%
Schuldig Coupable
29%
Verteidigen Défendre
29%
Feindlich Ennemi
29%
Die Gemeinschaft, -en La communauté
29%
Die Gemeinde, -n La commune
29%
Der Antrag, ¨-e La demande
29%
Die Verwaltung L'administration
29%
Der Zoll La douane
29%
Die Staatsangehörigkeit La nationalité
29%
Der Bezirk, -e L'arrondissement / le district
29%
Die Sitzung, -en La séance
29%
Der Sieg, -e La victoire
29%
Der Täter Le coupable
29%
Der Wähler L'électeur
29%
Das Gift, -e Le poison
29%
Die Behörde, -n Les autorités / l'administration
29%
Der Gericht, -e Le tribunal
29%
Der Diebstahl, ¨-e Le vol
29%
Der Dieb, -e Le voleur
29%
Das Amt, ¨-er L'office / la fonction
29%
Staatlich National
29%
Leugnen Nier
29%
Ausfüllen Remplir
29%
Schiessen Tirer / abattre
29%
Stehlen Voler
29%
Aufnehmen Admettre
14%
Vernichten Anéantir
14%
Angreifen Attaquer
14%
Gestehen / Zugeben Avouer
14%
Abschliessen Conclure
14%
Strafbar Délictueux / répréhensible
14%
Beantragen Demander
14%
Unschuldig Innocent
14%
Schwören Jurer
14%
Der Schmuggel La contrebande
14%
Die Aussage, -n La déclaration
14%
Die Niederlage, -n La défaite
14%
Die Botschaft, -en L'ambassade
14%
De Berufung, -en L'appel
14%
Das Gebiet, -e La région
14%
Der Mörder L'assassin
14%
Der Mord, -e L'assassinat
14%
Die Spur, -en La trace
14%
Der Verwundete, -n Le blessé
14%
Der Einbruch, ¨-e Le cambriolage
14%
Der Einbrecher Le cambrioleur
14%
Der Fall, ¨-e Le cas
14%
Das Verbrechen Le crime
14%
Der Verbrecher Le criminel
14%
Das Vergehen Le délit
14%
Die Urkunde, -n Le document / l'acte
14%
Der Beamte, -n Le fonctionnaire
14%
Das Gewehr, -e Le fusil
14%
Das Urteil Le jugement
14%
Der Kläger Le plaignant
14%
Der Kriegsgefangene, -n Le prisonnier de guerre
14%
Der Staatsanwalt, ¨-e Le procureur
14%
Die Vorschrift, -en Le règlement
14%
Die Auskunft, ¨-e Le renseignement
14%
Die Wahl, -en Les élections
14%
Der Eid, -e Le serment
14%
Der Verdacht Le soupçon
14%
Der Zeuge, -n Le témoin
14%
Der Vertrag, ¨-e Le traité
14%
Das Verhör, -e L'interrogatoire
14%
Bestrafen Punir
14%
Verdächtigen Soupçonner
14%
Zielen Viser
14%
Freisprechen Acquitter
0%
Treffen Atteindre
0%
Verzollen Déclarer
0%
Gleichberechtigt Égal en droits
0%
Der Angeklagte, -n L'accusé
0%
Der Bescheid, -e La décision
0%
Die Anzeige, -n La plainte
0%
Der Paragraph, -en L'article
0%
Die Bescheinigung, -en Le certificat
0%
Der Schuss, ¨-e Le coup de feu
0%
Der Überfall, ¨-e Le hold-up
0%
Die Bürgerinitiative, -n L'initiative populaire
0%
Beschlagnahmen Saisir / confisquer
0%
Aucun quiz correspondant
Distribution des résultats
% des personnes avec chaque résultat
Percentile par nombre de réponses
Votre historique - résultats
Vous n’avez pas pris ce quiz depuis la dernière actualisation